[Event "Titled Tuesday intern op 19th May"]
[Site "Chess.com INT"]
[Date "2020.05.19"]
[Round "1"]
[White "Tsydypov, Zhamsaran"]
[Black "Cezila, Rubens Jr"]
[Result "1-0"]
[WhiteElo "2558"]
[BlackElo "2314"]
[PlyCount "46"]
[EventDate "2020.05.19"]
[EventType "swiss (blitz)"]
[EventRounds "10"]
[EventCountry "USA"]
[SourceTitle "EXT 2021"]
[Source "ChessBase"]
[SourceDate "2020.10.23"]
[SourceVersion "1"]
[SourceVersionDate "2020.10.23"]
[SourceQuality "1"]

1. d4 Nf6 2. Nf3 g6 3. g3 Bg7 4. Bg2 0-0 5. 0-0 d6 6. Nc3 Nbd7 7. d5 e5 8. dxe6 fxe6 9. e4 Qe7 10. a4 a5 11. Re1 Nh5 12. Bg5 Qf7 13. Qd2 Ne5 14. Nxe5 Bxe5 15. Bh6 Bg7 16. Bxg7 Qxg7 17. e5 d5 18. Nb5 b6 19. c4 c6 20. Nd6 Ba6 21. Rac1 Qe7 22. cxd5 cxd5 23. Rc6 Nf6 1-0

[Event "Titled Tuesday intern op 12th May"]
[Site "Chess.com INT"]
[Date "2020.05.12"]
[Round "4"]
[White "Cezila, Rubens Jr"]
[Black "Kuzubov, Yuriy"]
[Result "0-1"]
[WhiteElo "2314"]
[BlackElo "2643"]
[PlyCount "60"]
[EventDate "2020.05.12"]
[EventType "swiss (blitz)"]
[EventRounds "10"]
[EventCountry "USA"]
[SourceTitle "CBM 196 Extra"]
[Source "ChessBase"]
[SourceDate "2020.07.31"]
[SourceVersion "1"]
[SourceVersionDate "2020.07.31"]
[SourceQuality "1"]

1. c4 e5 2. Nc3 Bb4 3. Nd5 Bc5 4. e3 c6 5. Nc3 Qe7 6. Nge2 d6 7. d4 Bb6 8. dxe5 dxe5 9. Qc2 f5 10. Ng3 g6 11. h4 Nh6 12. h5 g5 13. Bd2 0-0 14. 0-0-0 Nd7 15. f4 gxf4 16. exf4 e4 17. Na4 Bc7 18. Ne2 Nf6 19. Qb3 Be6 20. Bb4 Qf7 21. Bxf8 Rxf8 22. Kb1 b5 23. Nc5 Bxc4 24. Qg3+ Kh8 25. Nc3 Nhg4 26. Bxc4 bxc4 27. Na6 Bb6 28. Rd6 Bf2 29. Qh3 Qb7 30. Rhd1 Qxa6 0-1

[Event "Titled Tuesday intern op 12th May"]
[Site "Chess.com INT"]
[Date "2020.05.12"]
[Round "3"]
[White "Eggleston, Thomas"]
[Black "Cezila, Rubens Jr"]
[Result "0-1"]
[WhiteElo "2178"]
[BlackElo "2314"]
[PlyCount "124"]
[EventDate "2020.05.12"]
[EventType "swiss (blitz)"]
[EventRounds "10"]
[EventCountry "USA"]
[SourceTitle "EXT 2021"]
[Source "ChessBase"]
[SourceDate "2020.10.23"]
[SourceVersion "1"]
[SourceVersionDate "2020.10.23"]
[SourceQuality "1"]

1. e4 c6 2. d4 d5 3. exd5 cxd5 4. c4 Nf6 5. Nc3 g6 6. Nf3 Bg7 7. cxd5 0-0 8. Bc4 Nbd7 9. d6 exd6 10. 0-0 Nb6 11. Bb3 Re8 12. d5 Ne4 13. Nxe4 Rxe4 14. Be3 Bf5 15. Nd4 Bg4 16. Qd2 Qe7 17. Rfe1 Re8 18. Rec1 Rxe3 19. fxe3 Qxe3+ 20. Qxe3 Rxe3 21. Nb5 Bxb2 22. Re1 Rd3 23. Rab1 Be5 24. h3 Bd7 25. Nxa7 Nxd5 26. Bxd5 Rxd5 27. a4 Bd4+ 28. Kh1 Bf5 29. Rxb7 Ra5 30. Nc6 Rxa4 31. Nxd4 Rxd4 32. Rb8+ Kg7 33. Rb7 Rf4 34. Ree7 Be4 35. Rb2 Rf1+ 36. Kh2 d5 37. Rd7 Rf6 38. Kg3 Re6 39. Kf4 Rf6+ 40. Ke3 Rf1 41. Rf2 Re1+ 42. Kd4 Rg1 43. Rfxf7+ Kh6 44. Rxh7+ Kg5 45. h4+ Kg4 46. h5 gxh5 47. Rhg7+ Kh4 48. Rdf7 Rxg2 49. Rf4+ Rg4 50. Rf2 Rxg7 51. Rh2+ Kg3 52. Rb2 h4 53. Rb3+ Bf3 54. Ke5 h3 55. Rb2 h2 56. Rg2+ Bxg2 57. Kd4 h1Q 58. Kc5 Qc1+ 59. Kd6 Qc7+ 60. Ke6 Qd7+ 61. Kf6 Qe7+ 62. Kf5 Rg5# 0-1

[Event "Titled Tuesday intern op 28th Apr"]
[Site "Chess.com INT"]
[Date "2020.04.28"]
[Round "3"]
[White "Ponkratov, Pavel"]
[Black "Cezila, Rubens Jr"]
[Result "1-0"]
[WhiteElo "2631"]
[BlackElo "2314"]
[PlyCount "45"]
[EventDate "2020.04.28"]
[EventType "swiss (blitz)"]
[EventRounds "10"]
[EventCountry "USA"]
[SourceTitle "EXT 2021"]
[Source "ChessBase"]
[SourceDate "2020.10.23"]
[SourceVersion "1"]
[SourceVersionDate "2020.10.23"]
[SourceQuality "1"]

1. d4 Nf6 2. c4 e6 3. Nf3 b6 4. g3 Ba6 5. Nbd2 Bb7 6. Bg2 Bb4 7. 0-0 0-0 8. Qc2 c5 9. d5 exd5 10. cxd5 Bxd5 11. e4 Bb7 12. e5 Nd5 13. Ne4 Nc6 14. Rd1 Nd4 15. Nxd4 cxd4 16. Ng5 g6 17. Rxd4 Rc8 18. Qd1 Bc5 19. Rxd5 Bxd5 20. Bxd5 Qe7 21. Bf4 h6 22. Ne4 g5 23. Qh5 1-0

[Event "Titled Tuesday intern op 21st April"]
[Site "Chess.com INT"]
[Date "2020.04.21"]
[Round "8"]
[White "Cezila, Rubens Jr"]
[Black "Zivkovic, Ivan B"]
[Result "1-0"]
[WhiteElo "2314"]
[BlackElo "2330"]
[PlyCount "61"]
[EventDate "2020.04.21"]
[EventType "swiss (blitz)"]
[EventRounds "10"]
[EventCountry "USA"]
[SourceTitle "EXT 2021"]
[Source "ChessBase"]
[SourceDate "2020.10.23"]
[SourceVersion "1"]
[SourceVersionDate "2020.10.23"]
[SourceQuality "1"]

1. c4 e5 2. Nc3 Nf6 3. Nf3 Nc6 4. d3 Bb4 5. Bd2 0-0 6. e4 d6 7. h3 a5 8. Be2 h6 9. 0-0 Re8 10. Rc1 Nh7 11. a3 Bc5 12. Nd5 f5 13. b4 axb4 14. axb4 Ba7 15. c5 f4 16. b5 Ne7 17. Nxc7 Qxc7 18. b6 Bxb6 19. Qb3+ Kh8 20. cxb6 Qd8 21. d4 Nc6 22. Rxc6 bxc6 23. b7 Bxb7 24. Qxb7 Nf6 25. Bd3 Ra3 26. Bb1 exd4 27. Qxc6 d3 28. Re1 Qb8 29. Qc1 Rb3 30. Nd4 Rc8 31. Qd1 1-0

[Event "Titled Tuesday intern op 14th April"]
[Site "Chess.com INT"]
[Date "2020.04.14"]
[Round "3"]
[White "Banusz, Tamas"]
[Black "Cezila, Rubens Jr"]
[Result "1-0"]
[WhiteElo "2628"]
[BlackElo "2314"]
[PlyCount "45"]
[EventDate "2020.04.14"]
[EventType "swiss (blitz)"]
[EventRounds "10"]
[EventCountry "USA"]
[SourceTitle "EXT 2021"]
[Source "ChessBase"]
[SourceDate "2020.10.23"]
[SourceVersion "1"]
[SourceVersionDate "2020.10.23"]
[SourceQuality "1"]

1. d4 Nf6 2. Nf3 g6 3. g3 Bg7 4. Bg2 0-0 5. 0-0 d6 6. c4 Nbd7 7. Nc3 e5 8. e4 c6 9. h3 Qb6 10. d5 Nc5 11. Qe2 a5 12. Be3 cxd5 13. cxd5 Bd7 14. Rfc1 Rfc8 15. Nd2 Qa6 16. Qxa6 Nxa6 17. Bf1 Nc5 18. Nc4 Ncxe4 19. Nxe4 Nxe4 20. Nb6 Rxc1 21. Rxc1 Rd8 22. Nxd7 Rxd7 23. Rc8+ 1-0

[Event "Titled Tuesday intern op 14th April"]
[Site "Chess.com INT"]
[Date "2020.04.14"]
[Round "4"]
[White "Cezila, Rubens Jr"]
[Black "Blackman, Justin"]
[Result "1-0"]
[WhiteElo "2314"]
[BlackElo "2192"]
[PlyCount "81"]
[EventDate "2020.04.14"]
[EventType "swiss (blitz)"]
[EventRounds "10"]
[EventCountry "USA"]
[SourceTitle "EXT 2021"]
[Source "ChessBase"]
[SourceDate "2020.10.23"]
[SourceVersion "1"]
[SourceVersionDate "2020.10.23"]
[SourceQuality "1"]

1. c4 e5 2. Nc3 Nf6 3. g3 c6 4. d4 exd4 5. Qxd4 d5 6. Bg5 Be7 7. e3 Be6 8. cxd5 Nxd5 9. Bxe7 Qxe7 10. Bg2 Nxc3 11. Qxc3 0-0 12. Ne2 Nd7 13. Nd4 Bg4 14. h3 Bh5 15. Nf5 Qf6 16. Qxf6 Nxf6 17. g4 Bg6 18. Ne7+ Kh8 19. Nxg6+ hxg6 20. Ke2 Rad8 21. Rhd1 g5 22. b4 Rfe8 23. a4 a6 24. Rac1 Kg8 25. Rxd8 Rxd8 26. Rc5 Nd5 27. Bxd5 Rxd5 28. Rxd5 cxd5 29. Kd3 Kf8 30. Kd4 Ke7 31. Kxd5 Kd7 32. a5 f6 33. Kc5 Kc7 34. e4 Kd7 35. Kb6 Kc8 36. Kc5 Kc7 37. Kd5 Kd7 38. e5 Ke7 39. e6 g6 40. f3 f5 41. Ke5 1-0

[Event "Titled Tuesday intern op 14th April"]
[Site "Chess.com INT"]
[Date "2020.04.14"]
[Round "5"]
[White "Mindlin, Alon"]
[Black "Cezila, Rubens Jr"]
[Result "1-0"]
[WhiteElo "2427"]
[BlackElo "2314"]
[PlyCount "153"]
[EventDate "2020.04.14"]
[EventType "swiss (blitz)"]
[EventRounds "10"]
[EventCountry "USA"]
[SourceTitle "EXT 2021"]
[Source "ChessBase"]
[SourceDate "2020.10.23"]
[SourceVersion "1"]
[SourceVersionDate "2020.10.23"]
[SourceQuality "1"]

1. d4 Nf6 2. c4 g6 3. Nc3 Bg7 4. e4 d6 5. f3 0-0 6. Be3 e5 7. d5 Nh5 8. Nge2 f5 9. Qd2 Nd7 10. 0-0-0 a6 11. Kb1 Ndf6 12. c5 b5 13. exf5 gxf5 14. Nc1 e4 15. f4 Ng4 16. Be2 Nxe3 17. Qxe3 Qe8 18. Nb3 Nf6 19. a3 Ng4 20. Bxg4 fxg4 21. c6 Qg6 22. Ka2 Bf5 23. Nd4 Rae8 24. Nce2 h5 25. Ng3 Bc8 26. Rhe1 Bh6 27. Nxe4 Bxf4 28. Nf6+ Qxf6 29. Qxe8 Be5 30. Qxh5 Bxd4 31. Rf1 Bf5 32. Rxf5 Qxf5 33. Qxf5 Rxf5 34. Rxd4 Kf7 35. Kb3 Kf6 36. Kb4 Ke5 37. Rxg4 Kxd5 38. h4 Kxc6 39. Kb3 Kd5 40. Rg3 c5 41. Rh3 Rf8 42. h5 Ke5 43. h6 Rh8 44. h7 Kf4 45. Rh6 d5 46. Kc3 d4+ 47. Kd3 Ke5 48. g4 c4+ 49. Kd2 Kf4 50. Rd6 d3 51. Rxa6 Kg5 52. Rb6 Rxh7 53. Rxb5+ Kxg4 54. Rd5 Rh2+ 55. Kc1 Rc2+ 56. Kb1 Kf3 57. a4 Ke3 58. a5 Rh2 59. Re5+ Kd4 60. Re8 Rh1+ 61. Ka2 Rh6 62. Rd8+ Ke3 63. Ka3 d2 64. Kb4 Ke2 65. Kxc4 Rh4+ 66. Kc5 d1Q 67. Rxd1 Kxd1 68. b4 Kc2 69. a6 Kb3 70. b5 Rh8 71. b6 Ka4 72. a7 Ka5 73. b7 Rh5+ 74. Kd4 Rh4+ 75. Kd3 Rh3+ 76. Ke2 Rh2+ 77. Kf1 1-0

[Event "Titled Tuesday intern op 14th April"]
[Site "Chess.com INT"]
[Date "2020.04.14"]
[Round "2"]
[White "Yavorovsky, Valeriy"]
[Black "Cezila, Rubens Jr"]
[Result "0-1"]
[WhiteElo "2333"]
[BlackElo "2314"]
[PlyCount "72"]
[EventDate "2020.04.14"]
[EventType "swiss (blitz)"]
[EventRounds "10"]
[EventCountry "USA"]
[SourceTitle "EXT 2021"]
[Source "ChessBase"]
[SourceDate "2020.10.23"]
[SourceVersion "1"]
[SourceVersionDate "2020.10.23"]
[SourceQuality "1"]

1. d4 Nf6 2. c4 g6 3. Nc3 Bg7 4. e4 d6 5. Nf3 0-0 6. Be2 Na6 7. Be3 c5 8. 0-0 cxd4 9. Nxd4 Nc5 10. f3 a5 11. Rc1 Bd7 12. Qd2 Rc8 13. Rfd1 a4 14. Bf1 Re8 15. Kh1 Qa5 16. Nd5 Qxd2 17. Rxd2 Nxd5 18. cxd5 Na6 19. Rxc8 Rxc8 20. Rd1 Nb4 21. a3 Nc2 22. Nxc2 Rxc2 23. Rc1 Rxb2 24. h4 Rb3 25. Rc7 Rxe3 26. Rxd7 Bd4 27. Bb5 Rxa3 28. Rxb7 Be5 29. Kg1 Bg3 30. Rxe7 Ra1+ 31. Bf1 a3 32. Ra7 a2 33. Ra6 Be5 34. g4 Rxf1+ 35. Kxf1 a1Q+ 36. Rxa1 Bxa1 0-1